| 000 | 00700nam a2200217 4500 | ||
|---|---|---|---|
| 001 | 115901 | ||
| 003 | ES-MaACL | ||
| 005 | 20231228173809.0 | ||
| 007 | t| | ||
| 008 | 061121s1980 sp r ||||1| spa d | ||
| 100 | 1 |
_aOrs, Eugenio d', _d1881-1954 _987358 |
|
| 245 | 1 | 3 |
_aLa ben plantada _b: ; Gualba la de mil veus / _cEugenio d'Ors. |
| 250 | _a1ยช. ed. | ||
| 260 |
_aBarcelona : _bEdicions 62, _c1980. |
||
| 300 |
_a183 p. ; _c19 cm. |
||
| 490 | 1 |
_aLes millors obres de la literatura catalana ; _v34 |
|
| 740 | 0 | _aGualba la de mil veus. | |
| 830 | 0 |
_aLes millors obres de la literatura catalana ; _v34 _9181455 |
|
| 852 |
_aES-MaACL _jL-1723 _bR.100299 |
||
| 999 |
_c115901 _d115901 |
||